| 000 | 00463nmm a2200157Ia 4500 | ||
|---|---|---|---|
| 008 | 251105s9999||||xx |||||||||||||||||und|| | ||
| 020 | _a9789561124028 | ||
| 041 | _aspa | ||
| 100 | _aSaracostti Schwartzman, Mahia | ||
| 245 | 0 | _aFamilia-escuela comunidad I | |
| 264 |
_a[Santiago de Chile, Chile] : _bEditorial Universitaria, _c2013 |
||
| 300 | _a231 páginas | ||
| 650 | _aEducation | ||
| 856 | _uhttps://public.digitaliapublishing.com/a/46632 | ||
| 942 | _cCF | ||
| 999 |
_c94102 _d94102 |
||